000 00194nam a2200073Ia 4500
008 170817s9999 xx 000 0 und d
100 _aGOPAL KRISHAN
245 0 _aEDUCATIONAL OPPPRTUNITIES IN ABROAB
260 _bKALPAZ EDUCATION
999 _c37302
_d37302